Namoradas de Dudu - Statistics

Estatísticas Gerais
  • Esse quiz foi jogado 5 vezes
  • A pontuação média é 10 de 31
Estatísticas das Respostas
Hint Resposta % Correto
1 Cecília
80%
16 Esther
60%
27 Gabi
60%
3 Isa Lobo
60%
15 Maju
60%
2 Malu
60%
22 Ronaldo
60%
12 Duda Freire
40%
30 Isadora
40%
5 Lara Britto
40%
17 Larissa Física
40%
9 Mariana Cavalcanti
40%
19 Mavi
40%
24 Richard
40%
13 Rute
40%
20 Sofia Arantes
40%
10 Yaríssa
40%
7 Juliana Paraíso
20%
6 Lara Isabelle
20%
18 Larissinha
20%
26 Marcos Pimenta
20%
23 Meat ou Chicken
20%
8 Olívia de Chernobyl
20%
28 Ana Beatriz
0%
11 Ana Júlia Toscano
0%
31 Cellyna
0%
4 Helo Mota
0%
21 Maria Eduarda
0%
29 Matue
0%
14 Melissa
0%
25 Tom Brady
0%
Nenhum quiz correspondente encontrado
Distribuição das Pontuações
Porcentagem de Pessoas com Cada Pontuação
Percentil de Números Respondidos
Sua Pontuação Histórica
Você não jogou esse quiz